Sinh lí học thực vật : Giáo trình dành cho sinh viên khoa Sinh học, trường Đại học Khoa học tự nhiên - Đại học Quốc gia Hà Nội
Sách bao gồm những nội dung chính như sinh lí tế bào thực vật, sự trao đổi nước ở thực vật, quang hợp, dinh dưỡng khoáng và nitơ ở thực vật, hô hấp thực vật, sinh trưởng và phát triển thực vật...
Saved in:
| Main Author: | |
|---|---|
| Format: | Book |
| Language: | Undetermined |
| Published: |
Hà Nội
Giáo Dục
1998
|
| Subjects: | |
| Tags: |
Add Tag
No Tags, Be the first to tag this record!
|
| Institutions: | Trung tâm Học liệu Trường Đại học Cần Thơ |
|---|
| LEADER | 01037nam a2200217Ia 4500 | ||
|---|---|---|---|
| 001 | CTU_29825 | ||
| 008 | 210402s9999 xx 000 0 und d | ||
| 020 | |c 18000 | ||
| 082 | |a 571.2 | ||
| 082 | |b V500 | ||
| 100 | |a Vũ, Văn Vụ | ||
| 245 | 0 | |a Sinh lí học thực vật : | |
| 245 | 0 | |b Giáo trình dành cho sinh viên khoa Sinh học, trường Đại học Khoa học tự nhiên - Đại học Quốc gia Hà Nội | |
| 245 | 0 | |c Vũ Văn Vụ, Hoàng Minh Tấn, Vũ Thanh Tâm | |
| 260 | |a Hà Nội | ||
| 260 | |b Giáo Dục | ||
| 260 | |c 1998 | ||
| 520 | |a Sách bao gồm những nội dung chính như sinh lí tế bào thực vật, sự trao đổi nước ở thực vật, quang hợp, dinh dưỡng khoáng và nitơ ở thực vật, hô hấp thực vật, sinh trưởng và phát triển thực vật | ||
| 650 | |a Plant physiology | ||
| 904 | |i Qhieu | ||
| 980 | |a Trung tâm Học liệu Trường Đại học Cần Thơ | ||